Missing Word: TV Show Pairs III Quiz Stats

 Plays Quiz Updated Jul 30, 2017

Support Sporcle.
Go Orange.
Score 0/20 Timer 02:00
0 Plays Today
TV Show Missing Word % Correct
Gilmore ___Girls
99.1%
___ of Engagement Rules
93.5%
The Wild Wild ___West
93.4%
The Good ___Wife
92.2%
The Facts of ___Life
92%
Boy Meets ___World
91.5%
___ Or No ___Deal
89.3%
___ WatchThird/3rd
85.9%
Happy ___Days
83.6%
___ ConfidentialKitchen
82.7%
TV Show Missing Word % Correct
___ as FolkQueer
82.5%
Beat the ___Geeks
78.3%
___ LegalBoston
75%
Party of ___Five/5
73.3%
True ___Blood
72.9%
Police ___Woman
68.3%
Saving ___Grace
62.8%
Port ___Charles
56.8%
___ IncorporatedKids
42.6%
Hot in ___Cleveland
37.4%

Today's Daily Dose

Word Ladder
New Dimensions!

Quick Pick
'Animal' Fish

Get the Picture
Bird or Food?

You're not logged in!

Compare scores with friends on all Sporcle quizzes.
OR
Log In
Forgot?

From the Vault

Movies Set in Africa

by Hullabaloo

Filming a movie in Africa surely provides more interesting wildlife to work with.
Remove Ads.
Support Sporcle.
Get the best of Sporcle when you Go Orange. This ad-free experience offers more features, more stats, and more fun while also helping to support Sporcle. Thank you for becoming a member.

Show Comments

Extras

Top Quizzes Today


Score Distribution

Your Account Isn't Verified!

In order to create a playlist on Sporcle, you need to verify the email address you used during registration. Go to your Sporcle Settings to finish the process.

Report this User

Report this user for behavior that violates our Community Guidelines.

Details: